00744 a2200145 4500003000500000005001700005040000900022082001200031100001500043245006500058260003000123300001100153505042200164650001200586NUST20230131160008.0 cNust a942,COL aCole G.D H aThe Common People :b1746-1938 /cG.D Cole, Raymond Postgate aLondonbMetuen & Coc1945 a670:p. aEighteenth Century England (Page-1), Social Movements In The Eighteenth Century (Page-87), The Industrial Revolution And The French War (Page-115), The Peace Without A Parallel (Page-185), England Under The Reform Act (Page-253), The Great Victorian Age (Page-321), Imperialism And Socialism (Page-391), The Pre War Period (Page-437), The War Years (Page-491), Post War Britain (Page-531), Britain In 1938 (Page-595). aEngland